| 000 | 00729nac a22002051u 4500 | ||
|---|---|---|---|
| 010 | _a 52002865 | ||
| 035 | _a(OCoLC)5198921 | ||
| 082 |
_a621.165 _bK215 |
||
| 090 |
_c3317 _d3317 |
||
| 100 | _aKearton, W. J. | ||
| 245 | 0 | 0 |
_aSteam turbine operation; _ba textbook on the installation, running, maintenance, and testing of steam turbines. |
| 250 | _a6th ed. | ||
| 260 |
_aLondon, _bPitman _c[1952] |
||
| 300 |
_a453 p. _billus. _c23 cm. |
||
| 500 | _aDonations. | ||
| 500 | _aDonations - Bibliotheca Alexandrina. | ||
| 650 | 0 | _aSteam-turbines. | |
| 942 |
_cBB _k621.165K215 |
||
| 999 |
_c3317 _d3317 |
||